Effectif PSG 2025/2026 - Statistiques

Statistiques générales
  • Ce quiz a été pris 209 fois
    24 depuis la dernière actualisation
  • Le résultat moyen est 23 sur 26
Statistiques - réponses
Poste Nationalité Joueurs % Correct
D Maroc Achraf Hakimi
100%
G France Lucas Chevalier
100%
Entraineur Espagne Luis Enrique
100%
D Brésil Marquinhos
100%
G Russie Matvey Safonov
100%
D Portugal Nuno Mendes
100%
D Equateur Willian Pacho
100%
A France Bradley Barcola
95%
A France Désiré Doué
95%
M Espagne Fabian Ruiz
95%
A Portugal Gonçalo Ramos
95%
D Ukraine Ilya Zabarnyi
95%
M Portugal Joao Neves
95%
M Corée du Sud Lee Kang-In
95%
D Brésil Lucas Beraldo
95%
A France Ousmane Dembélé
95%
M Portugal Vitinha
95%
D France Lucas Hernandez
91%
G Italie Renato Marin
91%
M France Senny Mayulu
91%
M France Warren Zaïre-Emery
91%
A France Ibrahim Mbaye
82%
A Géorgie Kvicha Kvaratskhelia
82%
A France Quentin Ndjantou
77%
D France Noham Kamara
59%
A France Mathis Jangeal
14%
Aucun quiz correspondant
Distribution des résultats
% des personnes avec chaque résultat
Percentile par nombre de réponses
Votre historique - résultats
Vous n’avez pas pris ce quiz depuis la dernière actualisation